1567 1763 1029 1319 1734 1361 1959 1656 1710 1102 1080 1752 1919 1528 1363 1262 1457 1507 1670 1932 1611 1609 1677 1915 1143 1167 1618 1515 1909 1233 1749 1201 1520 1692 1535 1594 1917 1715 1468 1980 1647 1836 1065 1803 1394 1246 1530 1349 1156 1240 1665 1838 1036 1173 1182 1116 1300 1094 1303 1340 1933 1841 1034 1513 1230 1883 1587 1476 1273 1127 1803 1286 1196 1470 1277 1197 1396 1673 1227 1622 1940 1353 1225 1148 1479 1955 1520 1385 1622 1215 1665 1109 1450 1492 1969 1136 1618 1433 1318 BCNSPRNW ULIB Ver.6.0+V

เปลี่ยนเป็นภาษาไทย

Change to English
 แสดงรายละเอียดบรรณานุกรม
  กลับหน้าหลัก

Brief Record : Get Marc (ISO 2709) : E-mail record : QR code < ปิดหน้าต่าง
LEADER : 00000nam 2200000uu 4500
001    13399127060
003     ULIB
008    020711s2561 th a 000 0 tha d
020    ^a9786160443215
060    ^aWS103^bS-ล
100    ^aSAM GODWIN
245    ^aโลกใบใหญ่ในห้องครัว ชุดครอบครัวนักวิทยาศาสตร์ ์น้อย (นิทานสร้างความรู้ สองภาษา ไทย-อังกฤษ)
250    ^aพิมพ์ครั้งที่ 1
260    ^aกรุงเทพฯ :^bนานมีบุ๊คส์คิดดี้,^c2561
300    ^a36 หน้า;^b24 ซม.
650    ^aเด็ก^xการเรียนการสอน
945    ^p115^l0^i006248
999    ^aประนอม เกษจรัล
รายการนี้ยังไม่มีแท็ก
คุณยังไม่ได้ล็อกอิน คุณสามารถมีกิจกรรมร่วมกับเว็บไซต์ได้ แต่ต้องล็อกอินก่อน ::
  ล็อกอิน

รายการสื่อสารสนเทศ

ลำดับที่ ประเภท เลขเรียก/บาร์โค้ด สถานที่ สถานะ
1. วิทยาศาสตร์การแพทย์ และสุขภาพ
วิทยาศาสตร์การแพทย์ และสุขภาพ
WS103 S-ล ฉ.1 
  Barcode: 006248
ห้องสมุดวิทยาเขตสวรรค์ประชารักษ์
►หนังสือทั่วไป
บนชั้น

รายการใกล้เคียง
    ผู้แต่ง [SAM GODWIN]

BibComment


ยังไม่เคยถูกคอมเมนท์

คอมเมนท์ทรัพยากรรายการนี้
  คอมเมนท์: โลกใบใหญ่ในห้องค..


 Copyright 2026. Bcnsprnw @Library